Statistics for Most Popular NFL Jerseys

Click here to take the quiz!

General Stats

  • This quiz has been taken 114,301 times
    (3,694 since last reset)
  • The average score is 16 of 36

Answer Stats

Player% Correct
Tom Brady
98%
Patrick Mahomes
90%
Aaron Rodgers
74%
Russell Wilson
69%
Lamar Jackson
69%
Josh Allen
67%
Aaron Donald
62%
Joe Burrow
61%
T. J. Watt
54%
Mac Jones
53%
Travis Kelce
53%
Matthew Stafford
53%
Rob Gronkowski
52%
Dak Prescott
51%
Drew Brees
50%
Justin Herbert
46%
George Kittle
44%
Cam Newton
42%
Ezekiel Elliott
39%
Baker Mayfield
38%
Ja'Marr Chase
37%
Odell Beckham Jr.
33%
JuJu Smith-Schuster
31%
Khalil Mack
31%
Tua Tagovailoa
30%
Carson Wentz
27%
Alvin Kamara
25%
CeeDee Lamb
25%
Jimmy Garoppolo
25%
Nick Bosa
24%
Saquon Barkley
24%
Justin Fields
23%
DK Metcalf
20%
Nick Chubb
17%
Julian Edelman
14%
Josh Jacobs
10%

Score Distribution

Percentile by Number Answered

Percent of People with Each Score

Your Score History

You have not taken this quiz since the last reset